000 00390nam a2200169Ia 4500
008 230524s9999 xx 000 0 und d
020 _a8187224991
082 _a540
_bSHA
100 _aB.K.Sharma
245 0 _aIndustrial Chemistry
250 _a14TH
260 _aMEERUT
_bKrishna
_c2004
300 _aXXIV;1760
500 _aQuantity Number: 5
650 _aChemistry
942 _cBK
999 _c30783
_d30783